[Event "Bristol Fide Open 2018"]
[Site "Bristol Grammar School"]
[Date "2018.06.15"]
[Round "1.1"]
[White "Merry, Alan"]
[Black "Fradkin, Denis"]
[Result "1-0"]
[WhiteElo "2460"]
[BlackElo "1938"]
[PlyCount "51"]
[EventDate "2018.06.15"]
[SourceVersionDate "2018.06.16"]

1. e4 Nc6 2. Bb5 f5 3. exf5 Nf6 4. g4 h6 5. d4 d5 6. Nc3 a6 7. Bxc6+ bxc6 8.
Bf4 g6 9. Be5 Bg7 10. Qe2 gxf5 11. gxf5 O-O 12. Nh3 Bxf5 13. Nf4 Ng4 14. Bxg7
Kxg7 15. Rg1 Kh7 16. Rxg4 Bxg4 17. Qxg4 Qd6 18. Nd3 Qxh2 19. O-O-O Rg8 20. Qf5+
Kh8 21. Ne5 Qg2 22. Nxc6 Raf8 23. Qe5+ Rg7 24. f4 e6 25. Qxe6 Rxf4 26. Qxh6+
1-0

[Event "Bristol Fide Open 2018"]
[Site "Bristol Grammar School"]
[Date "2018.06.15"]
[Round "1.2"]
[White "Hurst, Eddie"]
[Black "Arkell, Keith"]
[Result "0-1"]
[WhiteElo "1928"]
[BlackElo "2417"]
[PlyCount "134"]
[EventDate "2018.06.15"]
[SourceVersionDate "2018.06.16"]

1. d4 Nf6 2. Bf4 c5 3. e3 cxd4 4. exd4 d5 5. c3 Nc6 6. Bd3 Bg4 7. f3 Bh5 8. Ne2
e6 9. O-O Bg6 10. Bg5 Be7 11. Nf4 Bxd3 12. Nxd3 O-O 13. Bxf6 Bxf6 14. f4 b5 15.
a3 a5 16. Nd2 b4 17. axb4 axb4 18. Nb3 bxc3 19. bxc3 Qc7 20. Kh1 Ne7 21. Nbc5
Nf5 22. Qe2 g6 23. Rab1 Ra7 24. Ne5 Bxe5 25. fxe5 h5 26. g4 hxg4 27. Rg1 Rb8
28. Rxb8+ Qxb8 29. Qxg4 Qb6 30. Qg5 Ra2 31. h4 Qb2 32. Rg2 Qb1+ 33. Rg1 Qc2 34.
Rg2 Qd1+ 35. Kh2 Ra1 36. Rg1 Qe2+ 37. Rg2 Qf1 38. Rg1 Ra2+ 39. Rg2 Rxg2+ 40.
Qxg2 Qf4+ 41. Kg1 Qc1+ 42. Kh2 Qf4+ 43. Kg1 Qe3+ 44. Kh2 Nxh4 45. Qg3 Qe2+ 46.
Kh3 Nf5 47. Qg4 Qe3+ 48. Kh2 Qd2+ 49. Kh1 Qf2 50. Qg2 Qe1+ 51. Kh2 Qh4+ 52. Kg1
Ne3 53. Qf3 Qe1+ 54. Kh2 Qxc3 55. Nd7 Qd2+ 56. Kh3 Nf5 57. Nf6+ Kg7 58. Ne8+
Kf8 59. Qa3+ Kg8 60. Nf6+ Kg7 61. Ne8+ Kh6 62. Qf8+ Kg5 63. Qxf7 Qe3+ 64. Kg2
Qe2+ 65. Kg1 Qe1+ 66. Kg2 Nh4+ 67. Kh2 Qe2+ 0-1

[Event "Bristol Fide Open 2018"]
[Site "Bristol Grammar School"]
[Date "2018.06.15"]
[Round "1.3"]
[White "Beaumont, Chris"]
[Black "Waterfield, John"]
[Result "1/2-1/2"]
[WhiteElo "2259"]
[BlackElo "1924"]
[PlyCount "44"]
[EventDate "2018.06.15"]
[SourceVersionDate "2018.06.16"]

1. c4 g6 2. d4 Bg7 3. e4 d6 4. Nc3 e5 5. Nf3 Nc6 6. Bg5 f6 7. Be3 Nh6 8. h3 O-O
9. c5 exd4 10. Bc4+ Kh8 11. Nxd4 Ne5 12. Be2 dxc5 13. Ndb5 b6 14. Qxd8 Rxd8 15.
Nxc7 Rb8 16. N7d5 Be6 17. Nxf6 Bxf6 18. Bxh6 Nc4 19. Bxc4 Bxc4 20. Rd1 Bxc3+
21. bxc3 Bxa2 22. Ke2 Kg8 1/2-1/2

[Event "Bristol Fide Open 2018"]
[Site "Bristol Grammar School"]
[Date "2018.06.15"]
[Round "1.4"]
[White "Smith, Christopher"]
[Black "Moore, Graham J"]
[Result "0-1"]
[WhiteElo "1891"]
[BlackElo "2210"]
[PlyCount "68"]
[EventDate "2018.06.15"]
[SourceVersionDate "2018.06.16"]

1. d4 Nf6 2. Bf4 g6 3. c4 Bg7 4. Nc3 d6 5. e4 O-O 6. Be2 Nc6 7. Be3 e5 8. d5
Nd4 9. Bxd4 exd4 10. Qxd4 Re8 11. Qd3 Nd7 12. f3 f5 13. Qc2 Nc5 14. Bd3 Bxc3+
15. Qxc3 fxe4 16. fxe4 Nxe4 17. Bxe4 Qh4+ 18. Kf1 Qxe4 19. Re1 Qf4+ 20. Nf3 Bg4
21. Kf2 Bxf3 22. gxf3 Rxe1 23. Qxe1 Qd4+ 24. Kg3 Rf8 25. Qe2 Rf5 26. h4 Qf4+
27. Kg2 Re5 28. Qd2 Re3 29. Qf2 Qe5 30. Kh3 Re2 31. Qxa7 Qf4 32. Qa3 Re3 33.
Qa8+ Kg7 34. Rf1 Re2 0-1

[Event "Bristol Fide Open 2018"]
[Site "Bristol Grammar School"]
[Date "2018.06.15"]
[Round "1.5"]
[White "Waddington, Mike"]
[Black "Chapman, Matt"]
[Result "1/2-1/2"]
[WhiteElo "2083"]
[BlackElo "1888"]
[PlyCount "147"]
[EventDate "2018.06.15"]
[SourceVersionDate "2018.06.16"]

1. Nc3 d5 2. e4 dxe4 3. Nxe4 Bf5 4. Qf3 Bxe4 5. Qxe4 c6 6. Bc4 Nf6 7. Qe2 e6 8.
Nf3 Bd6 9. O-O O-O 10. d4 Qc7 11. Bg5 Nbd7 12. Rfe1 Rac8 13. c3 c5 14. Bb3 cxd4
15. cxd4 Bf4 16. Bh4 Nd5 17. Ne5 N7f6 18. Qf3 Bh6 19. Rad1 Rfe8 20. Bg3 Qd8 21.
Bh4 Qc7 22. g4 Bf4 23. g5 Bxe5 24. dxe5 Nd7 25. Bg3 N7b6 26. Rd4 Ne7 27. Rf4
Ng6 28. Rg4 Qc6 29. Qxc6 Rxc6 30. Rd4 Ne7 31. f4 Nf5 32. Rd3 Nxg3 33. hxg3 h6
34. gxh6 gxh6 35. Kf2 Kg7 36. Kf3 Rec8 37. Re2 Rc1 38. Rd6 Kg6 39. Rh2 Kg7 40.
Kg4 Rg1 41. Rh5 Nc4 42. Bxc4 Rxc4 43. Rh2 Rgc1 44. Rd7 Rc7 45. Rxc7 Rxc7 46.
Rd2 Kg6 47. Rh2 Rc8 48. Kf3 Rc1 49. Rd2 Rc7 50. g4 b6 51. a3 Rc4 52. Ke3 Rc7
53. Rd6 Rc2 54. b4 Rc3+ 55. Rd3 Rxd3+ 56. Kxd3 h5 57. gxh5+ Kxh5 58. Ke3 a6 59.
a4 Kg6 60. Ke4 f6 61. exf6 Kxf6 62. a5 b5 63. Kd4 Kf5 64. Kc5 Kxf4 65. Kb6 e5
66. Kxa6 e4 67. Kxb5 e3 68. a6 e2 69. a7 e1=Q 70. a8=Q Qe5+ 71. Kc4 Qe2+ 72.
Kc5 Qe3+ 73. Kb5 Qe5+ 74. Kc4 1/2-1/2

[Event "Bristol Fide Open 2018"]
[Site "Bristol Grammar School"]
[Date "2018.06.15"]
[Round "1.6"]
[White "Harris, Michael T"]
[Black "Musson, Adam"]
[Result "1-0"]
[WhiteElo "1859"]
[BlackElo "2051"]
[PlyCount "111"]
[EventDate "2018.06.15"]
[SourceVersionDate "2018.06.16"]

1. e4 e5 2. Bc4 Nf6 3. d4 exd4 4. Nf3 Nc6 5. O-O Be7 6. Nxd4 Ne5 7. Bb3 O-O 8.
f4 Nc6 9. e5 Nxd4 10. Qxd4 b6 11. Qd3 Ng4 12. Qg3 Bc5+ 13. Kh1 d5 14. f5 Ba6
15. Qxg4 Bxf1 16. Bh6 g6 17. Bxf8 Bxf8 18. Nc3 Bc4 19. Bxc4 dxc4 20. fxg6 hxg6
21. Qxc4 Bg7 22. e6 fxe6 23. Qxe6+ Kh7 24. Rd1 Qe8 25. Qh3+ Kg8 26. Qd3 Qe6 27.
h3 Re8 28. Nb5 Be5 29. Nd4 Qd6 30. Qb3+ Kh8 31. c3 Bxd4 32. cxd4 Re4 33. d5 Kg7
34. Qc3+ Kf7 35. Rf1+ Rf4 36. Rd1 Rf5 37. Rc1 Rxd5 38. Qxc7+ Kf6 39. Rf1+ Kg5
40. Qc1+ Kh5 41. g4+ Kh4 42. Qh6+ Kg3 43. Qe3+ Kh4 44. Qh6+ Kg3 45. Rg1+ Kf3
46. Qc1 Rd2 47. Rf1+ Kg3 48. Qc3+ Rd3 49. Rg1+ Kf3 50. Qe1 Re3 51. Rf1+ Ke4 52.
Qh4 Qd5 53. Qf6 Kd3+ 54. Kh2 Re2+ 55. Rf2 Qe4 56. Qc3# 1-0

[Event "Bristol Fide Open 2018"]
[Site "Bristol Grammar School"]
[Date "2018.06.15"]
[Round "1.7"]
[White "Morris, Gareth"]
[Black "Furnevall, Mark"]
[Result "0-1"]
[WhiteElo "2050"]
[BlackElo "1849"]
[PlyCount "80"]
[EventDate "2018.06.15"]
[SourceVersionDate "2018.06.16"]

1. d4 e6 2. c4 b6 3. Nf3 f5 4. g3 Bb7 5. Bg2 Nf6 6. O-O Be7 7. Nc3 Ne4 8. Qc2
Nxc3 9. Qxc3 Bf6 10. Qd2 O-O 11. b3 d6 12. Bb2 Nd7 13. Rfd1 Qe8 14. b4 Rd8 15.
Qc2 Be4 16. Qb3 Qh5 17. a4 g5 18. Bf1 Bg7 19. Nd2 Ba8 20. Rab1 Nf6 21. Nf3 Be4
22. Rbc1 f4 23. Bg2 fxg3 24. fxg3 Rf7 25. Qe3 Bh6 26. Ne5 g4 27. Qf2 dxe5 28.
dxe5 Rxd1+ 29. Rxd1 Nd5 30. Qxf7+ Qxf7 31. Bxe4 Ne3 32. Rd8+ Kg7 33. Bg2 Nxg2
34. Kxg2 Qe7 35. Rd4 Qxb4 36. Rxg4+ Kf7 37. Ba1 Qxa4 38. Rh4 Qxa1 39. Rxh6 Qxe5
40. Rxh7+ Kg6 0-1

[Event "Bristol Fide Open 2018"]
[Site "Bristol Grammar School"]
[Date "2018.06.15"]
[Round "1.8"]
[White "Smith, Lynda"]
[Black "Dilleigh, Stephen P"]
[Result "0-1"]
[WhiteElo "1838"]
[BlackElo "2022"]
[PlyCount "106"]
[EventDate "2018.06.15"]
[SourceVersionDate "2018.06.16"]

1. e4 e6 2. d4 d5 3. exd5 exd5 4. Bd3 Nc6 5. c3 Bd6 6. Ne2 Qf6 7. Qc2 Nge7 8.
O-O Bf5 9. Ng3 Bxd3 10. Qxd3 O-O 11. Nd2 Qg6 12. Qxg6 fxg6 13. Nf3 Nf5 14. Bd2
Rae8 15. Rfe1 h6 16. Nxf5 gxf5 17. h4 Re4 18. g3 Kf7 19. Nh2 Rfe8 20. Kf1 Kf6
21. Rxe4 Rxe4 22. f3 Re8 23. Re1 Rxe1+ 24. Bxe1 g5 25. hxg5+ hxg5 26. Kg2 Nd8
27. Bd2 Ne6 28. b3 c6 29. Kf2 Bc7 30. Kg2 b5 31. Nf1 b4 32. c4 dxc4 33. bxc4
Nxd4 34. Bxb4 Ne6 35. Nd2 Be5 36. Nb3 Bb2 37. Kf2 f4 38. g4 Ke5 39. Be7 Bc3 40.
Ke2 a5 41. Kd3 Bb4 42. Bxb4 axb4 43. Nd2 Nc5+ 44. Kc2 Kd4 45. Kb2 Kd3 46. Kc1
Kc3 47. Nb1+ Kxc4 48. Nd2+ Kd3 49. Kd1 Ke3 50. Nc4+ Kxf3 51. Ne5+ Kg3 52. Nxc6
f3 53. Ke1 Kg2 0-1

[Event "Bristol Fide Open 2018"]
[Site "Bristol Grammar School"]
[Date "2018.06.15"]
[Round "1.9"]
[White "Prasse, Phillip"]
[Black "Makkar, Rajat"]
[Result "0-1"]
[WhiteElo "2006"]
[BlackElo "1835"]
[PlyCount "68"]
[EventDate "2018.06.15"]
[SourceVersionDate "2018.06.16"]

1. e4 e5 2. Nf3 Nf6 3. Nxe5 d6 4. Nf3 Nxe4 5. Nc3 Nxc3 6. dxc3 Nd7 7. Be3 Be7
8. Qd2 O-O 9. O-O-O Nf6 10. Bd3 c5 11. c4 b5 12. cxb5 a6 13. Kb1 axb5 14. Bxb5
Be6 15. a4 Qb6 16. Rhe1 Rfb8 17. b3 Ne4 18. Qd3 d5 19. Ne5 Bf6 20. f3 Bxe5 21.
fxe4 Qxb5 22. Qxb5 Rxb5 23. exd5 Bg4 24. Bd4 Bxd4 25. Rxd4 Rxb3+ 26. cxb3 cxd4
27. Kc2 Bf5+ 28. Kd2 f6 29. Re7 Rb8 30. a5 Rxb3 31. a6 Rb2+ 32. Kc1 Ra2 33. a7
d3 34. Kb1 Rxa7 0-1

[Event "Bristol Fide Open 2018"]
[Site "Bristol Grammar School"]
[Date "2018.06.15"]
[Round "1.10"]
[White "Jukes, Sam"]
[Black "Moore, Geoffrey R"]
[Result "1/2-1/2"]
[WhiteElo "1826"]
[BlackElo "1995"]
[PlyCount "89"]
[EventDate "2018.06.15"]
[SourceVersionDate "2018.06.16"]

1. e4 d6 2. d4 Nf6 3. Bd3 g6 4. Nf3 Bg7 5. O-O O-O 6. Re1 Nc6 7. c3 e5 8. b4
exd4 9. b5 Ne5 10. cxd4 Nxd3 11. Qxd3 a6 12. Bb2 axb5 13. Qxb5 Re8 14. Nc3 c6
15. Qg5 h6 16. Qd2 Bg4 17. Rab1 Bxf3 18. gxf3 Nh5 19. Bc1 Qf6 20. Rxb7 Qxf3 21.
Qe3 Qf6 22. Rc7 c5 23. e5 Qd8 24. Nd5 dxe5 25. Qf3 f5 26. dxe5 Rc8 27. Qb3 Kh8
28. Rxc8 Qxc8 29. f4 Qc6 30. Rd1 c4 31. Qb6 Qxb6+ 32. Nxb6 g5 33. Nxc4 Nxf4 34.
Bxf4 gxf4 35. Rd5 Rc8 36. Rd4 Rc5 37. Rxf4 Bxe5 38. Nxe5 Rxe5 39. Kf2 Ra5 40.
a4 Kg7 41. Ke3 Kf6 42. h4 Ke5 43. Rb4 Kf6 44. Kf4 Rc5 45. Rb6+ 1/2-1/2

[Event "Bristol Fide Open 2018"]
[Site "Bristol Grammar School"]
[Date "2018.06.15"]
[Round "1.11"]
[White "Savage, Nicholas W"]
[Black "Lovell, William"]
[Result "1/2-1/2"]
[WhiteElo "1968"]
[BlackElo "1737"]
[PlyCount "34"]
[EventDate "2018.06.15"]
[SourceVersionDate "2018.06.16"]

1. d4 d5 2. Nf3 Nf6 3. g3 Bf5 4. Bg2 e6 5. O-O h6 6. c4 c6 7. Nc3 Be7 8. Qb3
Qc8 9. Bf4 Nbd7 10. cxd5 exd5 11. Rac1 O-O 12. Ne5 Be6 13. Nd3 g5 14. Be3 Nb6
15. Ne5 Bh3 16. a4 Bxg2 17. Kxg2 Nfd7 1/2-1/2

[Event "Bristol Fide Open 2018"]
[Site "Bristol Grammar School"]
[Date "2018.06.15"]
[Round "1.12"]
[White "Brown, Thomas"]
[Black "Gibbs, Dominic"]
[Result "0-1"]
[WhiteElo "2078"]
[BlackElo "1967"]
[PlyCount "80"]
[EventDate "2018.06.15"]
[SourceVersionDate "2018.06.16"]

1. d4 f5 2. Nc3 d5 3. Bf4 a6 4. e3 Nf6 5. Bd3 e6 6. Nf3 c5 7. Ne5 cxd4 8. exd4
Bd6 9. O-O O-O 10. Ne2 Nh5 11. Qd2 Nxf4 12. Nxf4 Nc6 13. Nxc6 bxc6 14. Rfe1 Rf6
15. Bf1 Qc7 16. g3 Bxf4 17. gxf4 Rg6+ 18. Kh1 Rg4 19. Re5 Qe7 20. Be2 Rh4 21.
Rg1 Qf6 22. Rg2 Bd7 23. Re3 c5 24. Reg3 g6 25. c3 Qe7 26. Qe3 cxd4 27. Qxd4 Kf7
28. Re3 Qd6 29. Re5 Rb8 30. b4 Qb6 31. Qd2 d4 32. a3 Bc6 33. f3 dxc3 34. Qd6
Bb5 35. Rxe6 Qxd6 36. Rxd6 c2 37. Bc4+ Bxc4 38. Rxc2 Rxf4 39. Rd7+ Kf6 40. Rxh7
Bd5 0-1

[Event "Bristol Fide Open 2018"]
[Site "Bristol Grammar School"]
[Date "2018.06.15"]
[Round "1.13"]
[White "Bogdan, Horia"]
[Black "Pramod Paleri, Adithya"]
[Result "1-0"]
[WhiteElo "1960"]
[BlackElo "1643"]
[PlyCount "47"]
[EventDate "2018.06.15"]
[SourceVersionDate "2018.06.16"]

1. d4 d5 2. c4 e6 3. Nf3 c5 4. g3 Nc6 5. cxd5 exd5 6. Bg2 Nf6 7. O-O Be7 8. Nc3
O-O 9. Bg5 c4 10. Ne5 Be6 11. f4 h6 12. Bxf6 Bxf6 13. f5 Bxe5 14. dxe5 Qb6+ 15.
Kh1 Bc8 16. Nxd5 Qxb2 17. e6 Qe5 18. exf7+ Rxf7 19. Nf4 Bxf5 20. Qd5 Qe3 21.
Qxc4 Re8 22. Rad1 Be4 23. Qxf7+ Kxf7 24. Nd5+ 1-0

[Event "Bristol Fide Open 2018"]
[Site "Bristol Grammar School"]
[Date "2018.06.15"]
[Round "1.14"]
[White "Miller, George"]
[Black "Nendick, Phil"]
[Result "1/2-1/2"]
[WhiteElo "1600"]
[BlackElo "1950"]
[PlyCount "123"]
[EventDate "2018.06.15"]
[SourceVersionDate "2018.06.16"]

1. d4 Nc6 2. Nf3 d5 3. g3 Bg4 4. Bg2 Nf6 5. O-O e6 6. c3 Ne4 7. Ne5 Nxe5 8.
dxe5 Bf5 9. Nd2 Nc5 10. b4 Nd7 11. f4 c5 12. a3 Qc7 13. e4 dxe4 14. Nxe4 Bxe4
15. Bxe4 O-O-O 16. Qa4 Kb8 17. Be3 Nb6 18. Qb5 Nd5 19. Rfd1 Be7 20. Bxd5 Rxd5
21. Rxd5 exd5 22. bxc5 Rc8 23. c4 Bxc5 24. Bxc5 Qxc5+ 25. Qxc5 Rxc5 26. cxd5
Rxd5 27. Ra2 Ra5 28. Kf2 Kc7 29. Ke3 Kd7 30. Kd4 b6 31. Kc4 h5 32. Rd2+ Ke7 33.
Kb4 g6 34. Rd6 Rc5 35. h3 Rc1 36. Rd3 h4 37. gxh4 Rf1 38. Rd4 Rf3 39. h5 gxh5
40. a4 Rxh3 41. Kb5 Rc3 42. Ka6 Rc7 43. f5 Rc5 44. Kxa7 Rxe5 45. Kxb6 Rxf5 46.
a5 Rf1 47. Ra4 Rb1+ 48. Kc6 Rc1+ 49. Kb5 Rb1+ 50. Kc6 Rc1+ 51. Kb7 Rb1+ 52. Ka7
Rb5 53. a6 Kd7 54. Rd4+ Ke7 55. Ka8 Ke8 56. a7 Ke7 57. Rc4 Kd7 58. Rc1 h4 59.
Rd1+ Kc7 60. Rf1 Rh5 61. Rc1+ Kb6 62. Rb1+ 1/2-1/2

[Event "Bristol Fide Open 2018"]
[Site "Bristol Grammar School"]
[Date "2018.06.16"]
[Round "2.1"]
[White "Gibbs, Dominic"]
[Black "Merry, Alan"]
[Result "0-1"]
[WhiteElo "1967"]
[BlackElo "2460"]
[PlyCount "96"]
[EventDate "2018.06.15"]
[SourceVersionDate "2018.06.16"]

1. e4 e6 2. d4 d5 3. Nd2 Nf6 4. e5 Nfd7 5. Bd3 c5 6. c3 Nc6 7. Ngf3 g6 8. O-O
Bg7 9. Re1 O-O 10. Nf1 cxd4 11. cxd4 Qb6 12. Bb1 f6 13. exf6 Nxf6 14. b3 Ng4
15. Be3 Nxe3 16. fxe3 e5 17. a4 exd4 18. a5 Nxa5 19. Nxd4 Bxd4 20. Qxd4 Qxd4
21. exd4 Nxb3 22. Ra4 Bd7 23. Rb4 Na5 24. Re7 Nc6 25. Rxb7 Nxe7 26. Rxd7 Kf7
27. Rd6 Rfb8 28. Ba2 Rb2 29. Ra6 Rb4 30. Nd2 Rxd4 31. Nf3 Rb4 32. Ng5+ Ke8 33.
Nxh7 Rb6 34. Ra5 Rd6 35. Ng5 a6 36. Nf3 Rb8 37. Nd4 Rb4 38. Nc2 Rb2 39. Nd4 Nc6
40. Nxc6 Rxc6 41. h3 d4 42. Re5+ Kf8 43. Be6 d3 44. Bg4 Rd6 45. Re1 d2 46. Rd1
a5 47. Kf2 a4 48. Ra1 d1=Q+ 0-1

[Event "Bristol Fide Open 2018"]
[Site "Bristol Grammar School"]
[Date "2018.06.16"]
[Round "2.2"]
[White "Arkell, Keith"]
[Black "Bogdan, Horia"]
[Result "1/2-1/2"]
[WhiteElo "2417"]
[BlackElo "1960"]
[PlyCount "109"]
[EventDate "2018.06.15"]
[SourceVersionDate "2018.06.16"]

1. d4 d5 2. Nf3 c6 3. Bf4 Nf6 4. e3 Bf5 5. Bd3 Bxd3 6. Qxd3 e6 7. O-O Bd6 8.
Be5 O-O 9. c4 Ng4 10. Bxd6 Qxd6 11. h3 Nf6 12. Nc3 Nbd7 13. Rac1 a6 14. Rfd1
Rac8 15. a3 b5 16. c5 Qb8 17. e4 dxe4 18. Nxe4 Nxe4 19. Qxe4 Nf6 20. Qh4 Rfd8
21. Ne5 h6 22. Rc3 Nd7 23. Nf3 Nf6 24. Re1 Rd5 25. Re5 Rcd8 26. Rce3 a5 27.
Rxd5 Rxd5 28. Ne5 Qc7 29. Rf3 a4 30. Qf4 Nh5 31. Qg4 Rxe5 32. dxe5 Qxe5 33. Qb4
Nf6 34. Re3 Qf5 35. Re1 Nd7 36. Rc1 Ne5 37. Qd4 Nf3+ 38. gxf3 Qg5+ 39. Kh2 Qxc1
40. f4 Qc2 41. Kg1 Qf5 42. Qd8+ Kh7 43. Qd4 Qd5 44. Qc3 Qe4 45. Qd2 Kg6 46. Qd6
Qd5 47. Kf1 f6 48. Qe7 Kh7 49. Qd6 Qh1+ 50. Ke2 Qe4+ 51. Kf1 e5 52. f5 Qb1+ 53.
Kg2 Qe4+ 54. Kg1 Qf3 55. Qd7 1/2-1/2

[Event "Bristol Fide Open 2018"]
[Site "Bristol Grammar School"]
[Date "2018.06.16"]
[Round "2.3"]
[White "Moore, Graham J"]
[Black "Furnevall, Mark"]
[Result "1-0"]
[WhiteElo "2210"]
[BlackElo "1849"]
[PlyCount "99"]
[EventDate "2018.06.15"]
[SourceVersionDate "2018.06.16"]

1. e4 e6 2. d4 d5 3. Nc3 Bb4 4. e5 b6 5. Qg4 Bf8 6. Nf3 Nc6 7. Bg5 Qd7 8. Bb5
h6 9. Bd2 Bb7 10. h4 g6 11. O-O-O O-O-O 12. Kb1 Nge7 13. Qh3 a6 14. Bd3 Nf5 15.
Ne2 Nb4 16. Bxb4 Bxb4 17. g4 Ng7 18. h5 g5 19. Rhf1 Kb8 20. Nd2 Be7 21. f4 gxf4
22. Nxf4 c5 23. c3 cxd4 24. cxd4 Qa4 25. Nb3 Bg5 26. Qg3 Rhf8 27. Nh3 Be7 28.
Qf4 Ne8 29. Qxh6 Nc7 30. Qe3 Nb5 31. Bc2 Rc8 32. Nc5 Qb4 33. Nd7+ Ka7 34. Bb3
Rfd8 35. Nf6 a5 36. Nf4 a4 37. Nd3 Nc3+ 38. bxc3 Qxc3 39. Rc1 Qa5 40. Nb2 axb3
41. axb3 Ba6 42. Rxc8 Rxc8 43. Rc1 Rxc1+ 44. Qxc1 Ba3 45. Qc2 Qe1+ 46. Ka2 Bb4
47. h6 Bc3 48. h7 Bxb2 49. Kxb2 Qh1 50. Nh5 1-0

[Event "Bristol Fide Open 2018"]
[Site "Bristol Grammar School"]
[Date "2018.06.16"]
[Round "2.4"]
[White "Dilleigh, Stephen P"]
[Black "Makkar, Rajat"]
[Result "1/2-1/2"]
[WhiteElo "2022"]
[BlackElo "1835"]
[PlyCount "50"]
[EventDate "2018.06.15"]
[SourceVersionDate "2018.06.16"]

1. Nf3 Nf6 2. c4 c5 3. Nc3 d5 4. cxd5 Nxd5 5. d4 cxd4 6. Qxd4 Nxc3 7. Qxc3 Nc6
8. e4 e6 9. a3 f6 10. Be2 Be7 11. O-O O-O 12. Be3 e5 13. Bc4+ Kh8 14. Bd5 Bg4
15. Nd2 Rc8 16. Qb3 Na5 17. Qa2 Qe8 18. Be6 Bxe6 19. Qxe6 Rc6 20. Qd5 b6 21.
Rac1 Rd6 22. Qa2 Qd7 23. b4 Nc6 24. Nc4 Rd3 25. Nb2 Rd6 1/2-1/2

[Event "Bristol Fide Open 2018"]
[Site "Bristol Grammar School"]
[Date "2018.06.16"]
[Round "2.5"]
[White "Beaumont, Chris"]
[Black "Chapman, Matt"]
[Result "0-1"]
[WhiteElo "2259"]
[BlackElo "1888"]
[PlyCount "94"]
[EventDate "2018.06.15"]
[SourceVersionDate "2018.06.16"]

1. c4 c6 2. Nf3 d5 3. e3 Nf6 4. Nc3 a6 5. b3 Bf5 6. Bb2 e6 7. Be2 Be7 8. Nh4
Bg6 9. Nxg6 hxg6 10. O-O Nbd7 11. d4 b5 12. Rc1 bxc4 13. g3 cxb3 14. Qxb3 O-O
15. Na4 Ne4 16. Qc2 c5 17. f3 Nef6 18. dxc5 Nxc5 19. Nxc5 Rc8 20. Bd4 Bxc5 21.
Bxc5 Nd7 22. Bxf8 Rxc2 23. Rxc2 Kxf8 24. Rb1 Qa5 25. Kf2 e5 26. Rc8+ Ke7 27.
Rb7 Kd6 28. Ra7 Nc5 29. Rac7 Qxc7 30. Rxc7 Kxc7 31. Ke1 d4 32. Kd2 a5 33. h4 f6
34. Bc4 Kd6 35. g4 Ne6 36. Kd3 dxe3 37. Kxe3 f5 38. Bb3 Nf4 39. Kf2 Ke7 40. Bc4
Kf6 41. Bb3 g5 42. h5 fxg4 43. fxg4 e4 44. Ba4 Ke5 45. Bd7 Kd4 46. Bb5 Nd5 47.
Bc6 Nb4 0-1

[Event "Bristol Fide Open 2018"]
[Site "Bristol Grammar School"]
[Date "2018.06.16"]
[Round "2.6"]
[White "Turner, Joseph D"]
[Black "Roe, Simon"]
[Result "0-1"]
[WhiteElo "1886"]
[BlackElo "2226"]
[PlyCount "44"]
[EventDate "2018.06.15"]
[SourceVersionDate "2018.06.16"]

1. e4 c5 2. Nf3 e6 3. d4 cxd4 4. Nxd4 a6 5. g3 d5 6. Bg2 dxe4 7. O-O e5 8. Nb3
Qxd1 9. Rxd1 f5 10. Nc3 Nf6 11. g4 Nc6 12. g5 Nd7 13. Nd5 Rb8 14. Bf1 Kf7 15.
a4 Nc5 16. Nc7 Nxb3 17. Bc4+ Kg6 18. Bxb3 Nd4 19. Bd5 Bd6 20. Ne6 Bxe6 21. Bxe6
Rhd8 22. c3 Nxe6 0-1

[Event "Bristol Fide Open 2018"]
[Site "Bristol Grammar School"]
[Date "2018.06.16"]
[Round "2.7"]
[White "Handley, Michael R"]
[Black "Abbott, Mark V"]
[Result "1/2-1/2"]
[WhiteElo "2170"]
[BlackElo "1885"]
[PlyCount "66"]
[EventDate "2018.06.15"]
[SourceVersionDate "2018.06.16"]

1. d4 Nf6 2. c4 c5 3. d5 b5 4. cxb5 a6 5. bxa6 g6 6. Nc3 Bxa6 7. e4 Bxf1 8.
Kxf1 d6 9. Nf3 Nbd7 10. g3 Bg7 11. Kg2 O-O 12. a4 Ra6 13. Qe2 Qa8 14. Ra3 Rb8
15. b3 Ne8 16. Nb5 Rab6 17. Nd2 R6b7 18. Nc4 Nc7 19. Bb2 Bxb2 20. Qxb2 Qa6 21.
Rc1 Nxb5 22. axb5 Qxb5 23. Na5 Ra7 24. Nc6 Rxa3 25. Nxe7+ Kf8 26. Nc6 Ne5 27.
Qxa3 Nxc6 28. dxc6 Qxc6 29. Re1 Re8 30. Qa4 Qxa4 31. bxa4 d5 32. Rc1 Rxe4 33.
Rxc5 Rxa4 1/2-1/2

[Event "Bristol Fide Open 2018"]
[Site "Bristol Grammar School"]
[Date "2018.06.16"]
[Round "2.8"]
[White "Brown, Geoffrey M"]
[Black "Martin, Lewis"]
[Result "1/2-1/2"]
[WhiteElo "1877"]
[BlackElo "2089"]
[PlyCount "106"]
[EventDate "2018.06.15"]
[SourceVersionDate "2018.06.16"]

1. f4 c5 2. Nf3 Nc6 3. e3 g6 4. Bb5 Bg7 5. O-O Nf6 6. Bxc6 bxc6 7. d3 d6 8. Qe2
O-O 9. Nc3 Nd5 10. Nd1 Ba6 11. c4 Nc7 12. Rb1 Qd7 13. Nf2 Rad8 14. b3 Ne6 15.
Bb2 Bc8 16. Kh1 Bxb2 17. Qxb2 Ng7 18. Rbe1 f6 19. h3 e5 20. Ne4 Qe7 21. Ng3 Be6
22. Nh2 Qd7 23. Ne4 Qe7 24. Ng3 Rd7 25. Ng4 h5 26. fxe5 fxe5 27. Rxf8+ Qxf8 28.
Rf1 Nf5 29. Nxf5 hxg4 30. Ng3 Qh6 31. Ne4 gxh3 32. g3 Rf7 33. Rxf7 Bxf7 34. Qf2
g5 35. Kh2 Kg7 36. Qf5 Be6 37. Qxg5+ Qxg5 38. Nxg5 Bg4 39. Nxh3 Bd1 40. Nf2 Bc2
41. Kg2 Kf6 42. Kf3 Bb1 43. Ne4+ Ke6 44. Ke2 Bxa2 45. Nd2 Kf5 46. Kf3 d5 47.
e4+ dxe4+ 48. dxe4+ Kg5 49. g4 Kh4 50. g5 Kxg5 51. Kg3 Kh5 52. Kh3 Kg5 53. Kg3
Kh5 1/2-1/2

[Event "Bristol Fide Open 2018"]
[Site "Bristol Grammar School"]
[Date "2018.06.16"]
[Round "2.9"]
[White "Timmins, Chris"]
[Black "Waddington, Mike"]
[Result "0-1"]
[WhiteElo "1863"]
[BlackElo "2083"]
[PlyCount "96"]
[EventDate "2018.06.15"]
[SourceVersionDate "2018.06.16"]

1. e4 e5 2. Nf3 f5 3. exf5 e4 4. Qe2 Qe7 5. Nd4 Nc6 6. Nxc6 dxc6 7. d3 Bxf5 8.
Nc3 exd3 9. Qxe7+ Bxe7 10. Bxd3 Bxd3 11. cxd3 O-O-O 12. Ke2 Nf6 13. Be3 Rhe8
14. h3 Nd5 15. Nxd5 Rxd5 16. Rac1 Bf6 17. Rc2 Kd7 18. b3 Bd4 19. Kd2 Rf8 20.
Bxd4 Rxd4 21. f3 Rd6 22. Re1 Rg6 23. Re2 Re8 24. Rxe8 Kxe8 25. Ke3 Kd7 26. Re2
Kd6 27. Kf2 Rg5 28. f4 Rc5 29. g4 Rc3 30. Ke3 Rc1 31. Ke4 Rh1 32. Re3 c5 33. f5
Rh2 34. a4 c6 35. Kf4 b5 36. axb5 cxb5 37. Kg3 Rd2 38. g5 Rd1 39. Kf2 Rd2+ 40.
Ke1 Rg2 41. h4 Rg4 42. Re6+ Kd7 43. Re4 Rxe4+ 44. dxe4 g6 45. fxg6 hxg6 46. h5
gxh5 47. g6 Ke6 48. e5 a5 0-1

[Event "Bristol Fide Open 2018"]
[Site "Bristol Grammar School"]
[Date "2018.06.16"]
[Round "2.11"]
[White "Varney, Daniel"]
[Black "Curtis, John"]
[Result "1-0"]
[WhiteElo "1829"]
[BlackElo "2077"]
[PlyCount "139"]
[EventDate "2018.06.15"]
[SourceVersionDate "2018.06.16"]

1. e4 d6 2. d4 Nf6 3. Nc3 e5 4. dxe5 dxe5 5. Qxd8+ Kxd8 6. Bg5 Be6 7. Nf3 Nbd7
8. O-O-O Kc8 9. Be2 c6 10. a3 Kc7 11. Bh4 h6 12. Rd2 Ne8 13. Bg3 f6 14. Rhd1
Bd6 15. Nh4 Rd8 16. Bh5 Nb6 17. Kb1 Nc8 18. Ng6 Rg8 19. f4 exf4 20. Bxf4 Rd7
21. e5 fxe5 22. Nxe5 Bxe5 23. Bxe5+ Kd8 24. Rxd7+ Bxd7 25. Na4 Ke7 26. Nc5 Bf5
27. Nxb7 Nf6 28. Bxf6+ Kxf6 29. Bf3 Ne7 30. Nd6 Be6 31. Ne4+ Kf7 32. Bh5+ g6
33. Nd6+ Kf6 34. Bf3 Ke5 35. Nb7 Nd5 36. Nc5 Bf5 37. Nd3+ Kf6 38. Bxd5 cxd5 39.
Nf4 Be4 40. Nxd5+ Ke5 41. Ne3 Kf4 42. Re1 h5 43. b4 Rd8 44. Kb2 Rd2 45. Kc3 Rf2
46. a4 Bxg2 47. Nxg2+ Rxg2 48. b5 Rxh2 49. a5 Rh3+ 50. Kb4 Rh2 51. Kb3 Rd2 52.
Re7 h4 53. Rxa7 h3 54. Rh7 Rd5 55. Kc4 Rh5 56. Rxh5 gxh5 57. b6 h2 58. b7 h1=Q
59. b8=Q+ Kg4 60. Qg8+ Kh3 61. Qe6+ Kg3 62. Qe3+ Kg4 63. Qd4+ Kg3 64. Kc5 h4
65. a6 h3 66. a7 h2 67. Qg7+ Kh3 68. Qh8+ Kg3 69. a8=Q Qg1+ 70. Qd4 1-0